Statistics for mcu characters

Click here to take the quiz!

General Stats

  • This quiz has been taken 24 times
  • The average score is 34 of 64

Answer Stats

Answer% Correct
black widow
100%
captain america
100%
hulk
100%
iron man
100%
thor
100%
black panther
94%
hawkeye
94%
spiderman
88%
thanos
88%
drax
82%
falcon
82%
gamora
82%
loki
82%
nick fury
82%
rocket
82%
star lord
82%
vision
82%
antman
76%
doctor strange
76%
groot
76%
quicksilver
76%
war machine
76%
wasp
76%
captain marvel
71%
mantis
71%
nebula
71%
shuri
71%
ultron
71%
wanda
71%
winter soldier
65%
odin
59%
okoye
59%
maria hill
53%
happy
47%
heimdall
47%
hela
47%
ebony maw
41%
jane foster
41%
korg
41%
red skull
41%
ancient one
35%
proxima midnight
35%
sif
35%
wong
35%
corvus glaive
29%
jean grey
24%
surtur
24%
beast
18%
cyclops
18%
deadpool
18%
magneto
18%
mystique
18%
nightcrawler
18%
professor x
18%
storm
18%
wolverine
18%
colossus
12%
goblin
12%
green goblin
12%
venom
12%
black dwarf
6%
supergiant
6%
doctor octopus
0%
lizard
0%

Score Distribution

Percentile by Number Answered

Percent of People with Each Score

Your Score History

You have not taken this quiz